000 00658nam a2200205 a 4500
999 _c1064
_d1064
001 1064
003 BD-JhCC
005 20200405134007.0
008 171014s1995 bg |||| |||| 000 0 ben d
035 _a(BD-JhCC)1064
040 _aBD-JhCC
_dBD-JhCC
041 _aben
082 _a891.4435
_bIQB 1995
100 _aইকবাল, মুহম্মদ জাফর
245 _aএকজন দুর্বল মানুষ /
_cমুহম্মদ জাফর ইকবাল
260 _aঢাকা:
_bসময়,
_c১৯৯৫
300 _a১১২ পৃ.;
_c২২ সে.মি.
650 _aBengali short stories
942 _2ddc
_cBK
_07